000 01421nam0a2200373 4500
001 RU\NLR\bibl\432755
005 20260408192024.0
010 _a5-85009-771-6
_91000
021 _aRU
_b2003-30184
_91422
035 _a(NLR Aleph) 000426592
090 _a728329
_c728329
100 _a20030811d2003 |||y0rusy50 ca
101 0 _arus
102 _aRU
105 _ay |||||||||
200 1 _aМаркетинг в сфере физической культуры и спорта
_eМонография
_fО. Н. Степанова
210 _aМ.
_cСовет. спорт
_d2003
215 _a255 с.
_d22
320 _aБиблиогр.: с. 241-251
606 _aМаркетинг в спорте
_3RU\NLR\auth\66666498
_91530745
606 _aФизическая культура и спорт
_xМаркетинг
_3RU\NLR\auth\661288834
_92137714
610 0 _aФизическая культура и спорт - Маркетинг
675 _a339.138:796
_v3
_zrus
686 _a71
_2rugasnti
686 _a65.290-2
_2rubbk
686 _aЧ514(2)к
700 1 _4070
_7ca
_8rus
_aСтепанова
_bО. Н.
_cд-р пед. наук, физкультура
_f1969-
_gОльга Николаевна
_3RU\NLR\AUTH\7724131
_97183
801 0 _aRU
_bRKP
_c20030811
_gPSBO
801 1 _aRU
_bRKP
_c20030811
801 2 _aRU
_bNLR
_c20060602
_grcr
942 _cBOOK
980 _aNB